|
|
|
|
| LEADER |
00000naa0a2200000 4500 |
| 001 |
600379 |
| 005 |
20250203093500.0 |
| 035 |
|
|
|a (RuTPU)RU\TPU\tpu\24791
|
| 035 |
|
|
|a RU\TPU\tpu\24790
|
| 090 |
|
|
|a 600379
|
| 100 |
|
|
|a 20140323d2013 k y0rusy50 ca
|
| 101 |
0 |
|
|a rus
|
| 102 |
|
|
|a UA
|
| 200 |
1 |
|
|a Озонатор на наносекундных импульсах
|f В. Ф. Мышкин, А. А. Цхе, В. А. Хан
|
| 333 |
|
|
|a В фонде НТБ ТПУ отсутствует
|
| 463 |
|
|
|t Актуальные вопросы ядерно-топливного цикла: ЯТЦ-2013
|o сборник трудов VII Научно-технической конференции, Севастополь, Украина, 17 мая 2013 г.
|v C. 37
|d 2013
|
| 610 |
1 |
|
|a труды учёных ТПУ
|
| 700 |
|
1 |
|a Мышкин
|b В. Ф.
|c физик
|c профессор Томского политехнического университета, доктор физико-математических наук
|f 1962-
|g Вячеслав Фёдорович
|3 (RuTPU)RU\TPU\pers\26858
|9 12476
|
| 701 |
|
1 |
|a Цхе
|b А. А.
|c специалист в области технической физики
|c заместитель директора научно-технического центра Томского политехнического университета
|f 1959-
|g Александр Алексеевич
|3 (RuTPU)RU\TPU\pers\31143
|
| 701 |
|
1 |
|a Хан
|b В. А.
|c физик
|c доцент Томского политехнического университета, доктор технических наук
|f 1952-
|g Валерий Алексеевич
|3 (RuTPU)RU\TPU\pers\31144
|9 15340
|
| 801 |
|
1 |
|a RU
|b 63413507
|c 20140312
|
| 801 |
|
2 |
|a RU
|b 63413507
|c 20140323
|g RCR
|
| 942 |
|
|
|c BK
|